000 01018nam a2200265Ia 4500
003 GCL
008 140319s9999 xx 000 0 ara d
040 _aGCL /
_cGCL
082 0 4 _aم
_b616.0803
_bع م
100 1 _aعبدالمنعم الحفنى
245 1 0 _aموسوعة الطب النفسى الكتاب الجامع فى الاضطرابات النفسية طرق علاجها نفسيا(2 مج ) /
_cعبدالمنعم الحفنى
260 _a[S.N] :
_bمكتبة مدبولى ،
_c1992
300 _aمتعدد
490 _aماذا اعرف
_v0
650 0 4 _aعلم النفس
650 0 4 _aعلم النفس التربوى
650 0 4 _aالدوافع النفسية
650 0 4 _aالطب النفسى
650 0 4 _aعلم النفس العلاجى
650 0 4 _aعلم النفس الاجتماعى
650 0 4 _aعلم النفس التجريبى
650 0 4 _aالطب النفسى - موسوعات
650 0 4 _aالطب النفسى - دوائر معارف
942 _2ddc
_cREF
999 _c59470
_d59470